000
00248nam a2200109Ia 4500
005
20251222114400.0
008
251222s1900||||xx |||||||||||||| ||spa||
082
_a
DVD0099/P27/1963
245
0
_a
La Rabbia
264
_b
Ferranti, Gastone
942
_c
DVD
999
_c
1587
_d
1587